地下鉄・メトロのある都市(世界) - Statistics

General Stats
  • This quiz has been taken 33 times
  • The average score is 85 of 197
Answer Stats
開業年 % Correct
1927 日本 東京
100%
1863 イギリス ロンドン
97%
1900 フランス パリ
97%
1933 日本 大阪
97%
1902 ドイツ ベルリン
94%
1935 ロシア モスクワ
94%
1955 イタリア ローマ
94%
1957 日本 名古屋
94%
1969 メキシコ メキシコシティ
94%
1971 中国 北京
94%
1981 日本 福岡
94%
1993 アメリカ ロサンゼルス
94%
1868 アメリカ ニューヨーク
90%
1972 日本 横浜
90%
1974 韓国 ソウル
90%
1981 日本 京都
90%
1996 台湾 台北
90%
1971 日本 札幌
87%
1973 北朝鮮 平壌
87%
1993 中国 上海
87%
2001 ブラジル ブラジリア
87%
1960 ウクライナ キーウ
84%
1976 アメリカ ワシントン
84%
1977 日本 神戸
84%
1987 日本 仙台
84%
2002 インド デリー
84%
1904 ギリシャ アテネ
81%
1919 スペイン マドリード
81%
1977 オランダ アムステルダム
81%
1979 中国 香港
81%
1985 韓国 釜山
81%
1999 タイ バンコク
81%
1959 ポルトガル リスボン
77%
1964 イタリア ミラノ
77%
1966 ノルウェー オスロ
77%
1979 ブラジル リオデジャネイロ
77%
1987 エジプト カイロ
77%
1997 トルコ アンカラ
77%
1913 アルゼンチン ブエノスアイレス
74%
1924 スペイン バルセロナ
74%
1950 スウェーデン ストックホルム
74%
1985 カナダ バンクーバー
74%
1987 シンガポール シンガポール
74%
1989 トルコ イスタンブール
74%
1892 アメリカ シカゴ
71%
1896 ハンガリー ブダペスト
71%
1954 カナダ トロント
71%
1972 アメリカ サンフランシスコ
71%
1995 ポーランド ワルシャワ
71%
2002 デンマーク コペンハーゲン
71%
2019 インドネシア ジャカルタ
71%
2019 オーストラリア シドニー
71%
2021 ベトナム ハノイ
71%
1897 アメリカ ボストン
68%
1967 アゼルバイジャン バクー
68%
1974 チェコ プラハ
68%
1982 フィンランド ヘルシンキ
68%
2000 イラン テヘラン
68%
2009 アラブ首長国連邦 ドバイ
68%
1955 ロシア サンクトペテルブルク
65%
1974 ブラジル サンパウロ
65%
1976 オーストリア ウィーン
65%
1976 ベルギー ブリュッセル
65%
1996 マレーシア クアラルンプール
65%
2011 ペルー リマ
65%
2024 ベトナム ホーチミン
65%
1975 チリ サンティアゴ
61%
1997 中国 広州
61%
2005 中国 重慶
61%
2008 台湾 高雄
61%
2019 カタール ドーハ
61%
1971 ドイツ ミュンヘン
58%
1984 フィリピン マニラ
58%
2005 中国 南京
58%
2011 アルジェリア アルジェ
58%
2019 中国 マカオ
58%
2021 台湾 台中
58%
2022 バングラデシュ ダッカ
58%
1979 アメリカ アトランタ
55%
1979 ルーマニア ブカレスト
55%
1984 アメリカ マイアミ
55%
1984 インド コルカタ
55%
1984 中国 天津
55%
1998 ブルガリア ソフィア
55%
2004 中国 武漢
55%
2012 中国 杭州
55%
2003 中国 大連
52%
2004 中国 深圳
52%
2006 イタリア トリノ
52%
2014 パナマ パナマシティ
52%
2014 インド ムンバイ
52%
2023 イスラエル テルアビブ
52%
2023 エクアドル キト
52%
1968 オランダ ロッテルダム
48%
1983 ベネズエラ カラカス
48%
1993 イタリア ナポリ
48%
2011 中国 西安
48%
1912 ドイツ ハンブルク
45%
1984 ベラルーシ ミンスク
45%
1999 韓国 仁川/インチョン
45%
1966 ジョージア トビリシ
42%
1966 カナダ モントリオール
42%
1977 ウズベキスタン タシュケント
42%
1977 フランス マルセイユ
42%
2004 韓国 光州/クァンジュ
42%
2006 韓国 大田/テジョン
42%
2015 中国 青島
42%
1907 アメリカ フィラデルフィア
39%
1981 アルメニア エレバン
39%
2010 中国 成都
39%
2013 中国 ハルビン
39%
1974 フランス リヨン
35%
1896 イギリス グラスゴー
32%
2017 台湾 桃園
32%
1993 フランス トゥールーズ
29%
2009 ドミニカ共和国 サントドミンゴ
29%
2016 中国 福州
29%
2017 中国 厦門
29%
1975 ウクライナ ハルキウ
26%
1997 韓国 テグ
26%
1983 アメリカ ボルチモア
23%
2002 中国 長春
23%
2010 中国 瀋陽
23%
2017 インド ハイデラバード
23%
2018 中国 ウルムチ
23%
2019 インド アーメダバード
23%
2020 パキスタン ラホール
23%
1991 メキシコ モンテレイ
19%
2004 プエルトリコ サンフアン
19%
2011 カザフスタン アルマトイ
19%
2014 中国 寧波
19%
2015 中国 チェンナイ
19%
1983 フランス リール
16%
1989 メキシコ グアダラハラ
16%
1991 ロシア エカテリンブルク
16%
2000 トルコ イズミル
16%
2011 インド ベンガルール
16%
2012 中国 蘇州
16%
2012 中国 昆明
16%
2013 中国 鄭州
16%
2017 中国 石家荘
16%
1955 アメリカ クリーブランド
13%
1959 イスラエル ハイファ
13%
1985 ブラジル ポルトアレグレ
13%
1990 イタリア ジェノバ
13%
2002 フランス レンヌ
13%
2005 ロシア カザン
13%
2019 中国 フフホト
13%
1972 ドイツ ニュルンベルク
10%
1985 ブラジル レシフェ
10%
1985 ロシア ニジニノヴゴロド
10%
2012 ブラジル フォルタレザ
10%
2014 中国 長沙
10%
2014 中国 無錫
10%
2019 中国 蘭州
10%
2021 中国 洛陽
10%
1986 ブラジル ベロオリゾンテ
6%
1995 スペイン ビルバオ
6%
1995 コロンビア メデジン
6%
2002 トルコ ブルサ
6%
2009 トルコ アダナ
6%
2011 イラン マシュハド
6%
2014 ブラジル サルヴァドール
6%
2015 インド ジャイプル
6%
2015 イラン タブリーズ
6%
2015 中国 南昌
6%
2016 中国 南寧
6%
2016 中国 合肥
6%
2017 インド コーチ
6%
2019 中国 温州
6%
2019 中国 済南
6%
2021 インド カーンプル
6%
2022 インド プネー
6%
1986 ロシア ノボシビルスク
3%
1987 ロシア サマーラ
3%
1995 ウクライナ ドニプロ
3%
1999 イタリア カターニア
3%
2013 イタリア ブレシア
3%
2014 イラン シーラーズ
3%
2015 イラン エスファハーン
3%
2016 中国 東莞
3%
2017 インド ラクナウ
3%
2019 インド ナーグプル
3%
2019 中国 徐州
3%
2020 中国 太原
3%
2024 インド アーグラ
3%
2025 インド インドール
3%
2008 フランス ローザンヌ
0%
2010 中国 仏山
0%
2013 インド グルグラム
0%
2017 中国 喜陽
0%
2019 インド ノイダ
0%
2019 中国 常州
0%
2021 中国 紹興
0%
2021 中国 蕪湖
0%
2022 中国 金華
0%
2023 インド ナビムンバイ
0%
No matching quizzes found
Score Distribution
Percent of People with Each Score
Percentile by Number Answered
Your Score History
You have not taken this quiz